Welcome to CU Library Online Public Access Catalogue (OPAC)

New dictionary of biblical theology / (Record no. 7193)

MARC details
000 -LEADER
fixed length control field 01066cam a22002894a 4500
001 - CONTROL NUMBER
control field 12185548
003 - CONTROL NUMBER IDENTIFIER
control field B
005 - DATE AND TIME OF LATEST TRANSACTION
control field 20250728153036.0
008 - FIXED-LENGTH DATA ELEMENTS--GENERAL INFORMATION
fixed length control field 000926s2000 ilu bd 001 0 eng
010 ## - LIBRARY OF CONGRESS CONTROL NUMBER
LC control number 00047156
020 ## - INTERNATIONAL STANDARD BOOK NUMBER
International Standard Book Number 0830814388 (U.S. : alk. paper)
020 ## - INTERNATIONAL STANDARD BOOK NUMBER
International Standard Book Number 085111976X (U.K.)
040 ## - CATALOGING SOURCE
Original cataloging agency DLC
Transcribing agency DLC
Modifying agency DLC
042 ## - AUTHENTICATION CODE
Authentication code pcc
050 00 - LIBRARY OF CONGRESS CALL NUMBER
Classification number BS440
Item number .N437 2000
082 00 - DEWEY DECIMAL CLASSIFICATION NUMBER
Classification number 230/.041/03
Edition information 21
245 00 - TITLE STATEMENT
Title New dictionary of biblical theology /
Statement of responsibility, etc. editors, T. Desmond Alexander, Brian S. Rosner.
260 ## - PUBLICATION, DISTRIBUTION, ETC.
Place of publication, distribution, etc. Leicester, England :
Name of publisher, distributor, etc. Inter-Varsity Press ;
Place of publication, distribution, etc. Downers Grove, Ill. :
Name of publisher, distributor, etc. InterVarsity Press,
Date of publication, distribution, etc. 2000.
300 ## - PHYSICAL DESCRIPTION
Extent xx, 866 p. ;
Dimensions 27 cm.
504 ## - BIBLIOGRAPHY, ETC. NOTE
Bibliography, etc. note Includes bibliographical references and index.
630 00 - SUBJECT ADDED ENTRY--UNIFORM TITLE
Uniform title Bible
General subdivision Theology
Form subdivision Dictionaries.
700 1# - ADDED ENTRY--PERSONAL NAME
Personal name Alexander, T. Desmond.
700 1# - ADDED ENTRY--PERSONAL NAME
Personal name Rosner, Brian S.
906 ## - LOCAL DATA ELEMENT F, LDF (RLIN)
a 7
b cbc
c orignew
d 1
e ocip
f 20
g y-gencatlg
942 ## - ADDED ENTRY ELEMENTS (KOHA)
Source of classification or shelving scheme Library of Congress Classification
Koha item type Reference
Suppress in OPAC No
Holdings
Withdrawn status Lost status Source of classification or shelving scheme Damaged status Not for loan Collection Home library Current library Shelving location Date acquired Total checkouts Full call number Barcode Date last seen Copy number Price effective from Koha item type
    Library of Congress Classification     Reference Undergraduate Library (Christ Temple) Undergraduate Library (Christ Temple) General stacks 07/28/2025   BS 440.N437 NEW ulct00004199 07/28/2025 1 07/28/2025 Reference
© 2023-2024 Copyright: Central University Libraries. All Rights Reserved | Created by: Mahone Tech Office